The Idol, Vol. 1 Tracklist (The Weeknd) - Statistics

General Stats
  • This quiz has been taken 33 times
  • The average score is 11 of 17
Answer Stats
# Name % Correct
10 One of the Girls (with JENNIE & Lily-Rose Depp)
100%
14 False Idols (with Lil Baby & Suzanna Son)
80%
12 Fill the Void (with Lily-Rose Depp & Ramsey)
80%
7 A Lesser Man
73%
6 Double Fantasy (with Future)
73%
13 Like a God
73%
1 Popular (with Playboi Carti & Madonna)
73%
4 Family (with Suzanna Son)
67%
11 Jealous Guy
67%
8 Take Me Back
67%
17 Crocodile Tears
60%
9 Get it B4
60%
2 The Lure (Main Theme) (with MIKE DEAN)
60%
15 Dollhouse (with Lily-Rose Depp)
53%
16 My Sweet Lord
53%
3 World Class Sinner / I'm a Freak
53%
5 Devil's Paradise
47%
No matching quizzes found
Score Distribution
Percent of People with Each Score
Percentile by Number Answered
Your Score History
You have not taken this quiz